000 00543nam a2200169Ia 4500
008 090711s9999 xx 000 0 und d
082 _b33257
100 _aदेशपांडे पु. ल.
245 _aअंमलदार
260 _bदेशमुख आणि कंपनी पब्लिशर्स
_c1970
300 _a93
600 _aदेशपांडे पु. ल.
630 _aअंमलदार
700 _aदेशपांडे पु. ल.
730 _aअंमलदार
942 _cBOOK
999 _c329793
_d329793